[Event "Isla de Tenerife 2nd"]
[Site "Puerto de la Cruz"]
[Date "2021.04.04"]
[Round "7"]
[White "Alvarez Alonso, Alberto"]
[Black "Perez Perez, Gabriel"]
[Result "0-1"]
[WhiteElo "2067"]
[BlackElo "2079"]
[PlyCount "56"]
[EventDate "2021.04.01"]
[EventType "tourn"]
[EventRounds "7"]
[EventCountry "ESP"]
[SourceTitle "EXT 2022"]
[Source "ChessBase"]
[SourceDate "2021.10.06"]
[SourceVersion "1"]
[SourceVersionDate "2021.10.06"]
[SourceQuality "1"]

1. e4 c5 2. Nf3 d6 3. d4 cxd4 4. Nxd4 Nf6 5. Nc3 a6 6. Bc4 e6 7. Bb3 Nbd7 8. 0-0 Nc5 9. Re1 Be7 10. Ba4+ Nxa4 11. Nxa4 b5 12. Nc6 Qc7 13. Nxe7 bxa4 14. Nxc8 Rxc8 15. c3 Qc6 16. f3 0-0 17. Bg5 a3 18. bxa3 Qc5+ 19. Be3 Qxa3 20. Qd2 Rxc3 21. Rab1 h6 22. e5 dxe5 23. Bxh6 gxh6 24. Qxh6 Qc5+ 25. Kh1 Nh7 26. Re4 Rc4 27. Rbe1 Rc8 28. h4 Rxe4 0-1

[Event "Isla de Tenerife 2nd"]
[Site "Puerto de la Cruz"]
[Date "2021.04.01"]
[Round "2"]
[White "Alvarez Alonso, Alberto"]
[Black "Guillermo Gonzalez, Alvaro"]
[Result "0-1"]
[WhiteElo "2067"]
[BlackElo "2110"]
[PlyCount "52"]
[EventDate "2021.04.01"]
[EventType "tourn"]
[EventRounds "7"]
[EventCountry "ESP"]
[SourceTitle "EXT 2022"]
[Source "ChessBase"]
[SourceDate "2021.10.06"]
[SourceVersion "1"]
[SourceVersionDate "2021.10.06"]
[SourceQuality "1"]

1. d3 Nf6 2. h4 d5 3. c3 c5 4. Qc2 Nc6 5. Bg5 e5 6. Nd2 Be7 7. e3 Be6 8. Be2 h6 9. Bxf6 Bxf6 10. h5 Qd7 11. a3 0-0 12. c4 dxc4 13. Nxc4 b5 14. Nd2 Rac8 15. Ngf3 Be7 16. 0-0-0 Nd4 17. exd4 cxd4 18. Nc4 bxc4 19. dxc4 Qc7 20. Kb1 f5 21. Ka1 Bf6 22. Nh4 e4 23. Qa4 d3 24. Bf1 Rb8 25. Rb1 Bxb2+ 26. Rxb2 Qe5 0-1

[Event "Tenerife U2200 1st"]
[Site "Tenerife"]
[Date "2021.01.31"]
[Round "5"]
[White "Oudeh Mishmesh, Omar"]
[Black "Alvarez Alonso, Alberto"]
[Result "1-0"]
[WhiteElo "1918"]
[BlackElo "2107"]
[PlyCount "77"]
[EventDate "2021.01.23"]
[EventType "tourn"]
[EventRounds "7"]
[EventCountry "ESP"]
[SourceTitle "CBM 200 Extra"]
[Source "ChessBase"]
[SourceDate "2021.03.31"]
[SourceVersion "1"]
[SourceVersionDate "2021.03.31"]
[SourceQuality "1"]

1. c4 d6 2. Nc3 c6 3. d4 h5 4. e4 Qc7 5. Bd3 Bg4 6. Nge2 Bxe2 7. Qxe2 e6 8. Be3 Nd7 9. f3 a6 10. Rc1 Be7 11. b4 Bh4+ 12. Kf1 Be7 13. Qb2 Ngf6 14. c5 dxc5 15. bxc5 e5 16. Ne2 exd4 17. Bxd4 0-0-0 18. Qa3 h4 19. Bc4 h3 20. g3 Ne5 21. Kf2 Nxc4 22. Rxc4 g5 23. Qb2 Rh6 24. Be5 Qa5 25. Rb1 Rd7 26. Bc3 Qd8 27. Nd4 g4 28. Nf5 Rg6 29. Nd6+ Bxd6 30. cxd6 gxf3 31. Rxc6+ Kb8 32. Bxf6 Rxf6 33. Rb6 Qc8 34. Qxf6 Qc2+ 35. Kxf3 Qd3+ 36. Kf4 Qd2+ 37. Kg4 Qxh2 38. Qh8+ Ka7 39. Rxa6+ 1-0

[Event "Canarias-chT Honor"]
[Site "Spain"]
[Date "2020.01.18"]
[Round "2.3"]
[White "Alvarez Alonso, Alberto"]
[Black "Arribas Castaneyra, Jorge"]
[Result "1-0"]
[WhiteElo "2096"]
[BlackElo "1579"]
[PlyCount "41"]
[EventDate "2020.01.11"]
[EventType "team-tourn"]
[EventRounds "9"]
[EventCountry "ESP"]
[SourceTitle "CBM 195 Extra"]
[Source "ChessBase"]
[SourceDate "2020.05.31"]
[SourceVersion "1"]
[SourceVersionDate "2020.05.31"]
[SourceQuality "1"]
[WhiteTeam "Fundacion La Caja de Canarias"]
[BlackTeam "Herbania"]
[WhiteTeamCountry "ESP"]
[BlackTeamCountry "ESP"]

1. e4 e5 2. Nf3 Nc6 3. Bb5 Nf6 4. 0-0 Bb4 5. c3 Bc5 6. d4 Bd6 7. Bxc6 exd4 8. cxd4 Bxh2+ 9. Nxh2 dxc6 10. Bg5 h6 11. Bxf6 Qxf6 12. Nc3 Qh4 13. d5 cxd5 14. Nxd5 Qd8 15. Qc2 c6 16. Ne3 Qg5 17. Nf3 Qh5 18. e5 Bh3 19. Qe4 f5 20. exf6+ Kf7 21. Qe7+ 1-0

[Event "Santa Cruz de Tenerife Autumn op"]
[Site "Santa Cruz de Tenerife"]
[Date "2019.10.16"]
[Round "1"]
[White "Alvarez Alonso, Alberto"]
[Black "Sole Violan, Carlos Enrique"]
[Result "1-0"]
[WhiteElo "2067"]
[BlackElo "1433"]
[PlyCount "87"]
[EventDate "2019.10.16"]
[EventType "swiss"]
[EventRounds "9"]
[EventCountry "ESP"]
[SourceTitle "CBM 192 Extra"]
[Source "Chessbase"]
[SourceDate "2019.11.06"]
[SourceVersion "1"]
[SourceVersionDate "2019.11.06"]
[SourceQuality "1"]

1. e4 c5 2. Nf3 d6 3. d4 cxd4 4. Nxd4 Nc6 5. Bb5 Qb6 6. Nc3 Bd7 7. Be3 Qa5 8. 0-0 e6 9. Nb3 Qc7 10. f4 Nf6 11. a4 Be7 12. a5 0-0 13. a6 b6 14. Be2 Rfd8 15. g4 d5 16. e5 Ne4 17. Nxe4 dxe4 18. c3 Nb8 19. Qc2 Bc6 20. Nd4 Bc5 21. b4 Bxd4 22. cxd4 Qd7 23. f5 Bd5 24. b5 Rc8 25. Qb2 Qd8 26. Rac1 Nd7 27. Qd2 Rxc1 28. Rxc1 Rc8 29. fxe6 Rxc1+ 30. Qxc1 fxe6 31. Bg5 Qb8 32. Be7 Nf8 33. Bd6 Qe8 34. Qc7 Qa8 35. Qb8 Qxb8 36. Bxb8 Nd7 37. Bxa7 Kf7 38. Kf2 Kg6 39. Ke3 Kg5 40. Bb8 Nxb8 41. a7 Nd7 42. Bc4 Bb7 43. Bxe6 Nf8 44. Bf5 1-0

[Event "San Cristobal de La Laguna op 2nd"]
[Site "San Cristobal de la Laguna"]
[Date "2019.09.01"]
[Round "2"]
[White "Barlov, Dragan"]
[Black "Alvarez Alonso, Alberto"]
[Result "1-0"]
[WhiteElo "2410"]
[BlackElo "1986"]
[PlyCount "75"]
[EventDate "2019.08.31"]
[EventType "swiss"]
[EventRounds "9"]
[EventCountry "ESP"]
[SourceTitle "EXT 2020"]
[Source "ChessBase"]
[SourceDate "2019.10.17"]
[SourceVersion "1"]
[SourceVersionDate "2019.10.17"]
[SourceQuality "1"]

1. c4 e5 2. Nc3 Nf6 3. g3 g6 4. Bg2 Bg7 5. Nf3 d6 6. d4 exd4 7. Nxd4 0-0 8. 0-0 Nbd7 9. b3 Nc5 10. Bb2 a5 11. Qc2 Re8 12. Rad1 Bd7 13. Rfe1 Qc8 14. e4 Bh3 15. Bh1 h5 16. Nde2 Ne6 17. Nd5 Nxd5 18. cxd5 Nc5 19. Bxg7 Kxg7 20. Nf4 h4 21. Qc3+ f6 22. gxh4 Bg4 23. Qg3 Kf7 24. f3 Bh5 25. Bg2 b5 26. Bh3 Qb7 27. Kh1 b4 28. Rg1 Rg8 29. Be6+ Nxe6 30. dxe6+ Ke7 31. Nd5+ Kxe6 32. Qh3+ f5 33. exf5+ Kd7 34. fxg6+ Kc6 35. Qf5 Bxg6 36. Rxg6 Rxg6 37. Rc1+ Kb5 38. Qd3# 1-0

[Event "ESP-chT CECLUB Div2"]
[Site "Linares"]
[Date "2019.08.19"]
[Round "1.3"]
[White "Marti Puig, Patricia"]
[Black "Alvarez Alonso, Alberto"]
[Result "0-1"]
[WhiteElo "1683"]
[BlackElo "1986"]
[PlyCount "102"]
[EventDate "2019.08.19"]
[EventType "team-swiss"]
[EventRounds "7"]
[EventCountry "ESP"]
[SourceTitle "EXT 2020"]
[Source "ChessBase"]
[SourceDate "2019.10.17"]
[SourceVersion "1"]
[SourceVersionDate "2019.10.17"]
[SourceQuality "1"]
[WhiteTeam "Mollet"]
[BlackTeam "Fundacion La Caja de Canarias"]
[WhiteTeamCountry "ESP"]
[BlackTeamCountry "ESP"]

1. e4 e6 2. d4 d5 3. Nd2 Nf6 4. e5 Nfd7 5. f4 c5 6. c3 Nc6 7. Ndf3 cxd4 8. cxd4 Bb4+ 9. Bd2 Be7 10. Ne2 f6 11. h4 b5 12. Rc1 Qb6 13. g3 fxe5 14. fxe5 0-0 15. Bf4 Na5 16. Qd3 Re8 17. Ng5 Nf8 18. Bh3 Bd7 19. 0-0 h6 20. Nf3 Rec8 21. Bd2 Nc4 22. b3 Nxd2 23. Qxd2 Rxc1 24. Rxc1 Rc8 25. Rxc8 Bxc8 26. Nf4 Qc6 27. b4 Bd7 28. a3 a5 29. Ne1 axb4 30. axb4 Qc4 31. Nc2 Qb3 32. Nd3 Be8 33. Nc5 Qxg3+ 34. Qg2 Qxh4 35. Nxe6 Nxe6 36. Bxe6+ Kh8 37. Bxd5 Bxb4 38. Be4 Be7 39. d5 Bc5+ 40. Kf1 Qf4+ 41. Qf3 Qxe5 42. Ne3 Bh5 43. Qf5 Qxf5+ 44. Nxf5 Bg4 45. d6 Bxf5 46. Bxf5 Bxd6 47. Bg6 Kg8 48. Ke2 Kf8 49. Kd3 Ke7 50. Kd4 Kf6 51. Bd3 b4 0-1

[Event "Tenerife Verano op"]
[Site "Tenerife"]
[Date "2019.08.08"]
[Round "6"]
[White "Alvarez Alonso, Alberto"]
[Black "Plasencia Garcia, Juan Carlos"]
[Result "1-0"]
[WhiteElo "1986"]
[BlackElo "1674"]
[PlyCount "61"]
[EventDate "2019.07.29"]
[EventType "swiss"]
[EventRounds "9"]
[EventCountry "ESP"]
[SourceTitle "EXT 2020"]
[Source "ChessBase"]
[SourceDate "2019.10.17"]
[SourceVersion "1"]
[SourceVersionDate "2019.10.17"]
[SourceQuality "1"]

1. e4 e5 2. Nf3 Nc6 3. Bc4 Nf6 4. d3 Bc5 5. c3 d6 6. a4 a5 7. 0-0 0-0 8. h3 Be6 9. Bxe6 fxe6 10. Qb3 Qe8 11. Na3 Nh5 12. Kh1 Rxf3 13. gxf3 Qf7 14. Qd1 Rf8 15. f4 Nxf4 16. Bxf4 Qxf4 17. Qg4 Qh6 18. Nb5 Rf4 19. Qg2 Qf6 20. Nxc7 Rf3 21. Nxe6 Rxd3 22. Nxc5 dxc5 23. Rad1 Rf3 24. Rd6 Qf4 25. Rd7 g6 26. Qg4 Qf6 27. Rxb7 h5 28. Qd7 Ne7 29. Qe8+ Qf8 30. Rxe7 Qxe8 31. Rxe8+ 1-0

[Event "Tenerife Verano op"]
[Site "Tenerife"]
[Date "2019.08.07"]
[Round "5"]
[White "Kosov, Alexey"]
[Black "Alvarez Alonso, Alberto"]
[Result "1-0"]
[WhiteElo "2207"]
[BlackElo "1986"]
[PlyCount "43"]
[EventDate "2019.07.29"]
[EventType "swiss"]
[EventRounds "9"]
[EventCountry "ESP"]
[SourceTitle "EXT 2020"]
[Source "ChessBase"]
[SourceDate "2019.10.17"]
[SourceVersion "1"]
[SourceVersionDate "2019.10.17"]
[SourceQuality "1"]

1. e4 c6 2. d4 d5 3. Nd2 dxe4 4. Nxe4 Bf5 5. Ng3 Bg6 6. Nf3 Nd7 7. h4 h6 8. Bd3 Bxd3 9. Qxd3 e6 10. Bf4 Qa5+ 11. Bd2 Qc7 12. 0-0-0 0-0-0 13. c4 Ngf6 14. Bc3 Bd6 15. Ne4 Nxe4 16. Qxe4 Nf6 17. Qe2 Kb8 18. Ne5 h5 19. Kb1 Rhe8 20. Rhe1 Qe7 21. a3 Bxe5 22. dxe5 1-0

[Event "Tenerife Verano op"]
[Site "Tenerife"]
[Date "2019.07.29"]
[Round "1"]
[White "Febles Dominguez, Alfonso Jesus"]
[Black "Alvarez Alonso, Alberto"]
[Result "0-1"]
[WhiteElo "1273"]
[BlackElo "1986"]
[PlyCount "49"]
[EventDate "2019.07.29"]
[EventType "swiss"]
[EventRounds "9"]
[EventCountry "ESP"]
[SourceTitle "EXT 2020"]
[Source "ChessBase"]
[SourceDate "2019.10.17"]
[SourceVersion "1"]
[SourceVersionDate "2019.10.17"]
[SourceQuality "1"]

1. e4 c6 2. d4 d5 3. f3 g6 4. Nc3 Bg7 5. e5 h5 6. Bd3 Nh6 7. Bf4 Be6 8. Qd2 Nd7 9. Nge2 b6 10. h3 c5 11. Bb5 cxd4 12. Nxd4 Kf8 13. Nc6 Qc8 14. Nxd5 Nf5 15. Bg5 Nxe5 16. Nxe5 Bxe5 17. 0-0-0 Qc5 18. Ba4 Rd8 19. Bb3 Bxd5 20. Bxd5 f6 21. g4 fxg5 22. Qxg5 Qe3+ 23. Qxe3 Nxe3 24. Rde1 Rxd5 25. Rxe3 0-1

[Event "ESP-ch U18"]
[Site "Salobrena"]
[Date "2019.07.24"]
[Round "5"]
[White "Alvarez Alonso, Alberto"]
[Black "Martin Ibisate, Xabier"]
[Result "1-0"]
[WhiteElo "1986"]
[BlackElo "1797"]
[PlyCount "55"]
[EventDate "2019.07.22"]
[EventType "swiss"]
[EventRounds "9"]
[EventCountry "ESP"]
[SourceTitle "CBM 191 Extra"]
[Source "ChessBase"]
[SourceDate "2019.09.30"]
[SourceVersion "1"]
[SourceVersionDate "2019.09.30"]
[SourceQuality "1"]

1. e4 c5 2. Nf3 e6 3. d4 cxd4 4. Nxd4 Nf6 5. Bd3 d5 6. e5 Nfd7 7. Nxe6 Qa5+ 8. Bd2 Qb6 9. Nxf8 Nxf8 10. 0-0 Ng6 11. Re1 Nc6 12. Nc3 Be6 13. Qh5 0-0-0 14. b3 a6 15. a3 Qd4 16. Na4 b5 17. Bc3 Qf4 18. g3 Qg4 19. Qxg4 Bxg4 20. Nc5 d4 21. Bb2 Ngxe5 22. Be2 Bf5 23. f4 Nd7 24. Nxa6 Kb7 25. Bxb5 Bxc2 26. Bxc6+ Kxa6 27. Bxd4 Nb8 28. Be4 1-0

[Event "Las Palmas Montalvo Memorial 12th"]
[Site "Las Palmas"]
[Date "2019.04.18"]
[Round "7"]
[White "Alvarez Alonso, Alberto"]
[Black "Garcia Blanco, Omar"]
[Result "1/2-1/2"]
[WhiteElo "2008"]
[BlackElo "2330"]
[PlyCount "178"]
[EventDate "2019.04.13"]
[EventType "swiss"]
[EventRounds "9"]
[EventCountry "ESP"]
[SourceTitle "CBM 189 Extra"]
[Source "ChessBase"]
[SourceDate "2019.06.03"]
[SourceVersion "1"]
[SourceVersionDate "2019.06.03"]
[SourceQuality "1"]

1. e4 e6 2. d4 d5 3. exd5 exd5 4. Nf3 Bd6 5. c4 Nf6 6. Nc3 0-0 7. Be2 dxc4 8. Bxc4 Nbd7 9. 0-0 Nb6 10. Bb3 Bf5 11. Bg5 h6 12. Bh4 Be7 13. Re1 c6 14. Qe2 Re8 15. Ne5 Nfd5 16. Qh5 Be6 17. Bxe7 Qxe7 18. Ne4 Nf6 19. Nxf6+ Qxf6 20. Re3 Bxb3 21. Rxb3 Qe6 22. h3 Rad8 23. Qh4 Qd5 24. Nf3 Rd6 25. Rc1 Rde6 26. Rc5 Qd6 27. Re5 Rxe5 28. dxe5 Qc7 29. Qb4 c5 30. Qb5 Re6 31. Rc3 Nd7 32. b4 Nxe5 33. Nd4 Re7 34. Rxc5 Nc6 35. Nf3 Qf4 36. Rc4 Qf6 37. a4 Rd7 38. a5 a6 39. Qc5 Rd1+ 40. Kh2 Qd8 41. g3 Rd5 42. Qe3 Qd7 43. Ne1 Rh5 44. h4 Re5 45. Qd3 Qe6 46. Nc2 Rd5 47. Qe3 Ne5 48. Re4 Ng4+ 49. Rxg4 Qxg4 50. Qe8+ Kh7 51. Ne3 Qf3 52. Nxd5 Qxf2+ 53. Kh3 Qf5+ 54. Kh2 Qxd5 55. Qe7 Kg6 56. Qe1 Qd4 57. Qb1+ Kf6 58. Qe1 Kg6 59. Qb1+ f5 60. Qe1 Qe4 61. Qd2 Kh7 62. Qd6 Qe2+ 63. Kh3 Qf3 64. Kh2 Qf2+ 65. Kh3 Qg1 66. Qd5 Qf1+ 67. Kh2 Qe2+ 68. Kg1 Qe4 69. Qd6 Qe3+ 70. Kg2 Qe2+ 71. Kh3 Qc2 72. Qd4 Qe4 73. Qxe4 fxe4 74. Kg4 Kg6 75. h5+ Kf6 76. Kf4 e3 77. Kxe3 Kg5 78. Ke4 Kxh5 79. Kd5 Kg4 80. Kc5 Kxg3 81. Kb6 h5 82. Kxb7 h4 83. Kxa6 h3 84. b5 h2 85. b6 h1Q 86. b7 Qc6+ 87. Ka7 Qc5+ 88. Ka6 Qc7 89. b8Q Qxb8 1/2-1/2

[Event "Las Palmas Montalvo Memorial 12th"]
[Site "Las Palmas"]
[Date "2019.04.15"]
[Round "4"]
[White "Alvarado Diaz, Alejandro"]
[Black "Alvarez Alonso, Alberto"]
[Result "1-0"]
[WhiteElo "2399"]
[BlackElo "2008"]
[PlyCount "113"]
[EventDate "2019.04.13"]
[EventType "swiss"]
[EventRounds "9"]
[EventCountry "ESP"]
[SourceTitle "CBM 189 Extra"]
[Source "ChessBase"]
[SourceDate "2019.06.03"]
[SourceVersion "1"]
[SourceVersionDate "2019.06.03"]
[SourceQuality "1"]

1. c4 e5 2. Nc3 Nf6 3. Nf3 Nc6 4. e4 d6 5. d4 Bg4 6. d5 Nd4 7. Be3 Nxf3+ 8. gxf3 Bd7 9. Be2 Nh5 10. Qd2 Be7 11. Rg1 h6 12. 0-0-0 g5 13. Kb1 Nf4 14. Rc1 b6 15. Bd1 f5 16. Bxf4 exf4 17. Bc2 fxe4 18. Nxe4 Bh3 19. Qd3 Qd7 20. Rce1 0-0-0 21. Qa3 Kb8 22. Ba4 Qf5 23. Re2 Qh7 24. Bc2 Bf5 25. Rge1 Bf8 26. Nc3 Bxc2+ 27. Rxc2 Kb7 28. Nb5 a6 29. Nd4 Be7 30. Kc1 Bf6 31. Ne6 Rde8 32. b4 Qd7 33. Qb3 Rhg8 34. a4 Ka7 35. c5 bxc5 36. bxc5 Rb8 37. Qc4 a5 38. c6 Qc8 39. Qd3 Rb4 40. Re4 Qb8 41. Rxb4 axb4 42. Rc4 Qb6 43. Nd4 Re8 44. Nb5+ Kb8 45. Re4 Qc5+ 46. Kd1 Re5 47. Rxe5 Bxe5 48. Ke2 Qc1 49. h3 Qb2+ 50. Qd2 Qb3 51. Qd3 Qa2+ 52. Kf1 Qxa4 53. Kg2 b3 54. Nxc7 b2 55. Nb5 h5 56. Na3 Qxa3 57. Qb5+ 1-0

[Event "Santa Cruz de Tenerife Primavera op"]
[Site "Santa Cruz de Tenerife"]
[Date "2019.03.27"]
[Round "8"]
[White "Perez Perez, Gabriel"]
[Black "Alvarez Alonso, Alberto"]
[Result "1-0"]
[WhiteElo "2116"]
[BlackElo "2013"]
[PlyCount "37"]
[EventDate "2019.03.11"]
[EventType "swiss"]
[EventRounds "9"]
[EventCountry "ESP"]
[SourceTitle "CBM 190 Extra"]
[Source "ChessBase"]
[SourceDate "2019.07.15"]
[SourceVersion "1"]
[SourceVersionDate "2019.07.15"]
[SourceQuality "1"]

1. d4 d5 2. c4 e6 3. Nf3 a6 4. g3 Nf6 5. Bg2 Be7 6. 0-0 0-0 7. Nbd2 c6 8. Qc2 Nbd7 9. e4 dxc4 10. Nxc4 c5 11. dxc5 Bxc5 12. e5 Nd5 13. Ng5 g6 14. Ne4 Qc7 15. Nxc5 Qxc5 16. Qe4 b5 17. Nd6 Nxe5 18. Qxe5 f6 19. Ne4 1-0

[Event "Santa Cruz de Tenerife Primavera op"]
[Site "Santa Cruz de Tenerife"]
[Date "2019.03.18"]
[Round "4"]
[White "Alvarez Alonso, Alberto"]
[Black "Martinez Rojas, Carlos Jose"]
[Result "1-0"]
[WhiteElo "2013"]
[BlackElo "2054"]
[PlyCount "75"]
[EventDate "2019.03.11"]
[EventType "swiss"]
[EventRounds "9"]
[EventCountry "ESP"]
[SourceTitle "CBM 190 Extra"]
[Source "ChessBase"]
[SourceDate "2019.07.15"]
[SourceVersion "1"]
[SourceVersionDate "2019.07.15"]
[SourceQuality "1"]

1. e4 e5 2. Nf3 d5 3. exd5 e4 4. Nd4 Qxd5 5. Nb3 Nf6 6. Nc3 Qe5 7. Be2 Nc6 8. Bb5 Bg4 9. Be2 h5 10. h3 Bf5 11. Bb5 Bd7 12. Qe2 0-0-0 13. a3 Qg5 14. g3 Qf5 15. d3 Ne5 16. Bxd7+ Rxd7 17. dxe4 Qe6 18. Bd2 Nc4 19. 0-0-0 Qa6 20. Kb1 h4 21. g4 Bd6 22. Bc1 Re7 23. Rd4 b5 24. Nxb5 Qxb5 25. Rxc4 Kd8 26. Nd4 Qa6 27. Nc6+ Ke8 28. Nxe7 Bxe7 29. Qd3 Nd7 30. Rxc7 Qxd3 31. cxd3 Ne5 32. Kc2 Nf3 33. Be3 g5 34. Rxa7 Rh6 35. Kd1 Rc6 36. Ke2 Ne5 37. Rc1 Rd6 38. Rxe7+ 1-0